El Mensaje de San Juan Evangelista / (Record no. 146844)
[ view plain ]
| 000 -LEADER | |
|---|---|
| campo de control de longitud fija | 00667nam a2200217 i 4500 |
| 001 - NÚMERO DE CONTROL | |
| campo de control | 146844 |
| 003 - IDENTIFICADOR DE NÚMERO DE CONTROL | |
| campo de control | ES-MaACL |
| 005 - FECHA Y HORA DE LA ÚLTIMA TRANSACCIÓN | |
| campo de control | 20230906201706.0 |
| 007 - CAMPO FIJO DE DESCRIPCIÓN FÍSICA--INFORMACIÓN GENERAL | |
| campo de control de longitud fija | t| |
| 008 - DATOS DE LONGITUD FIJA--INFORMACIÓN GENERAL | |
| campo de control de longitud fija | 070918s1966 sp ||||1| spa d |
| 100 1# - ENTRADA PRINCIPAL--NOMBRE DE PERSONA | |
| Nombre de persona | Troadec, Henry. |
| 9 (RLIN) | 111471 |
| 245 13 - MENCIÓN DEL TÍTULO | |
| Título | El Mensaje de San Juan Evangelista / |
| Mención de responsabilidad, etc. | Henry Troadec ; [traducida por Julio Rubio y AngelRubio]. |
| 260 ## - PUBLICACIÓN, DISTRIBUCIÓN, ETC. | |
| Lugar de publicación, distribución, etc. | Barcelona : |
| Nombre del editor, distribuidor, etc. | Eler, |
| Fecha de publicación, distribución, etc. | [1966] |
| 300 ## - DESCRIPCIÓN FÍSICA | |
| Extensión | 232 p. ; |
| Dimensiones | 19 cm. |
| 490 1# - MENCIÓN DE SERIE | |
| Mención de serie | Colección "Eler" ; |
| Designación de volumen o secuencia | 43 |
| 700 1# - ENTRADA AGREGADA--NOMBRE PERSONAL | |
| Nombre de persona | Rubio, Julio. |
| 9 (RLIN) | 100358 |
| 700 1# - ENTRADA AGREGADA--NOMBRE PERSONAL | |
| Nombre de persona | Rubio, Angel. |
| 9 (RLIN) | 100337 |
| 830 0# - PUNTO DE ACCESO ADICIONAL DE SERIE-TÍTULO UNIFORME | |
| Título uniforme | Colección "Eler" ; |
| Designación de volumen o secuencia | 43 |
| 9 (RLIN) | 186685 |
| 852 ## - LOCALIZACIÓN | |
| Ubicación | ES-MaACL |
| Número de control de estantería | C-32492 |
| Sublocalización o colección | R.62977 |
| Estatus retirado | Estado de pérdida | Estado de daño | No para préstamo | Biblioteca de origen | Biblioteca actual | Ubicación en estantería | Fecha de adquisición | Fuente de adquisición | Total de préstamos | Signatura topográfica completa | Código de barras | Visto por última vez | Precio de reemplazo | Tipo de ítem Koha |
|---|---|---|---|---|---|---|---|---|---|---|---|---|---|---|
| Biblioteca del Ateneo de Madrid | Biblioteca del Ateneo de Madrid | Depósito 2 | 17/01/2008 | C-32492 | 1153255 | 23/02/2023 | 23/02/2023 | Libro impreso |
